Informatyczne wspomaganie w małych przedsiębiorstwach taksówkowych jako alternatywa względem rozbudowanych cyfrowych systemów komunikacyjnych / (Rekord nr 593)
| 000 -ETYKIETA REKORDU | |
|---|---|
| podpole kontrolne o stałej długości | 01158naa a2200217 i 4500 |
| 001 - NUMER KONTROLNY REKORDU | |
| podpole kontrolne | BPP |
| 003 - IDENTYFIKATOR NUMERU KONTROLNEGO REKORDU | |
| podpole kontrolne | BPK |
| 005 - DATA OSTATNIEJ MODYFIKACJI REKORDU | |
| podpole kontrolne | 20160606135045.0 |
| 008 - POLE O STAŁEJ DŁUGOŚCI - DANE KONTROLNE | |
| podpole kontrolne o stałej długości | 151006s2004 pl f |000 0 pol |
| 040 ## - ŹRÓDŁO KATALOGOWANIA | |
| Instytucja, która utworzyła rekord | BPK |
| 080 ## - UNIWERSALNA KLASYFIKACJA DZIESIĘTNA - UKD | |
| UKD | 005.57 |
| 100 ## - NAZWA OSOBOWA | |
| Nazwa osobowa | TEREBECKI, Mariusz. |
| Lata pracy | 1996 - . |
| Instytucja | Politechnika Koszalińska - Wydział Ekonomii i Zarządzania, |
| Wydział | Katedra Metod Ilościowych - Zakład Ekonometrii |
| 245 ## - TYTUŁ/ODPOWIEDZIALNOŚĆ | |
| Tytuł | Informatyczne wspomaganie w małych przedsiębiorstwach taksówkowych jako alternatywa względem rozbudowanych cyfrowych systemów komunikacyjnych / |
| Pozostałe elementy strefy tytułu i oznaczenia odpowiedzialności | Mariusz Terebecki. |
| 260 ## - STREFA ADRESU WYDAWNICZEGO | |
| Data publikacji, dystrybucji/powstania dokumentu | 2004. |
| 500 ## - UWAGI OGÓLNE | |
| Tekst uwagi | Dane z autopsji. |
| 520 ## - UWAGA DOTYCZĄCA TREŚCI DOKUMENTU | |
| Analiza dokumentacyjna, adnotacja itp. | Praca ma za zadanie pokazać, iż przy niewielkim nakładzie kosztów można efektywnie zarządzać taborem taksówek na takim rynku, który może nawet obsługiwać polską "wieś". |
| 650 ## - HASŁO PRZEDMIOTOWE W FORMIE NAZWY OGÓLNEJ LUB JEDNOSTKOWEJ | |
| Nazwa ogólna lub geograficzna | Komunikacja wewnętrzna. |
| 650 #0 - HASŁO PRZEDMIOTOWE W FORMIE NAZWY OGÓLNEJ LUB JEDNOSTKOWEJ | |
| Nazwa ogólna lub geograficzna | Zarządzanie. |
| 773 ## - TYTUŁ DOKUMENTU MACIERZYSTEGO | |
| Wyrażenie wprowadzające | W : |
| Tytuł | Teoria i praktyka modelowania systemów logistycznych. - |
| Adres wydawniczy | Koszalin : Wydaw. Uczelniane Politechniki Koszalińskiej, 2004. - |
| Informacje dotyczące relacji | s. 442-450 |
| Strefa serii | Monografia Wydziału Ekonomii i Zarządzania / Politechnika Koszalińska ; nr 99 |
| 942 ## - HASŁO DODATKOWE - ELEMENTY(KOHA) | |
| Typ dokumentu | Artykuł |
| Schemat klasyfikacji | Uniwersalna klasyfikacja dziesiętna |
Brak dostępnych egzemplarzy.
